Análisis de estructuras: un estudio histórico
Đã lưu trong:
| Tác giả chính: | |
|---|---|
| Định dạng: | Sách |
| Ngôn ngữ: | Tiếng Tây Ban Nha |
| Được phát hành: |
Madrid
Instituto Juan de Herrera
2004
|
| Loạt: | Textos Sobre Teoría e Historia de las Construcciones
|
| Những chủ đề: | |
| Các nhãn: |
Thêm thẻ
Không có thẻ, Là người đầu tiên thẻ bản ghi này!
|
MARC
| LEADER | 00000nam a2200000 a 4500 | ||
|---|---|---|---|
| 001 | UCH5091 | ||
| 003 | CL-VaPUC | ||
| 008 | 090924e20040000SP |||||||||||||||||spa|d | ||
| 020 | |a 8497281128 | ||
| 082 | 0 | 4 | |a 721.09 |b HEY |2 21 |
| 100 | |a Heyman, Jacques |e author |9 541259 | ||
| 245 | 1 | 0 | |a Análisis de estructuras: un estudio histórico |
| 300 | |a 220 p | ||
| 942 | |c BK | ||
| 945 | |d 20090924 00:00:00 |a rbrito | ||
| 260 | |a Madrid |b Instituto Juan de Herrera |c 2004 | ||
| 650 | 0 | |a Análisis estructural |9 260661 | |
| 650 | 0 | |a Arquitectura |v Historia |9 265705 | |
| 650 | 0 | |a Resistencia de materiales |9 260095 | |
| 650 | 0 | |a Vigas |9 363949 | |
| 650 | 0 | |a Diseño de estructuras |9 260345 | |
| 583 | |a last modification |c 20090924 00:00:00 |k Rodrigo Vera | ||
| 490 | 0 | |a Textos Sobre Teoría e Historia de las Construcciones | |
| 999 | |c 336294 |d 336292 | ||
| 952 | |0 0 |1 0 |4 0 |6 721_090000000000000_HEY_2004 |7 0 |8 A |9 427339 |a BIBARQ |b BIBARQ |d 2019-11-22 |i 4602404 |l 1 |o 721.09 HEY 2004 |p 4602404 |r 2025-01-20 |s 2023-05-18 |w 2019-11-22 |y BK |k ARQ | ||